Transnational Social Policies:The New DevelopmentChallenges of Globalization (Record no. 5336)

MARC details
005 - DATE AND TIME OF LATEST TRANSACTION
control field 20250626125027.0
020 ## - INTERNATIONAL STANDARD BOOK NUMBER
International Standard Book Number 0-88936-854-6
082 ## - DEWEY DECIMAL CLASSIFICATION NUMBER
Classification number 658 MOR
245 ## - TITLE STATEMENT
Title Transnational Social Policies:The New DevelopmentChallenges of Globalization
260 ## - PUBLICATION, DISTRIBUTION, ETC.
Place of publication, distribution, etc. Ottawa
Name of publisher, distributor, etc. Earthscan Publications LTD
Date of publication, distribution, etc. 1999
300 ## - PHYSICAL DESCRIPTION
Extent vii,203p.;
Other physical details Appendix,Index
Dimensions 22cm.
700 ## - ADDED ENTRY--PERSONAL NAME
Other authors/Editors Daniel Morales-Gomez
942 ## - ADDED ENTRY ELEMENTS (KOHA)
Source of classification or shelving scheme Dewey Decimal Classification
Koha item type Books
Holdings
Date last seen Total checkouts Full call number Barcode Cost, replacement price Price effective from Koha item type Lost status Source of classification or shelving scheme Damaged status Not for loan Withdrawn status Home library Current library Shelving location Date acquired Source of acquisition Cost, normal purchase price
06/26/2025   650 MOR MZA0002272 90000.00 06/26/2000 Books   Dewey Decimal Classification       CBE Mwanza CBE Mwanza Special Reserve Collection 06/26/2000 Library Budget 30000.00
06/26/2025   650 MOR MZA0002273 90000.00 06/26/2000 Books   Dewey Decimal Classification       CBE Mwanza CBE Mwanza Special Reserve Collection 06/26/2000 Library Budget 30000.00